000 00567cam a22001457a 4500
008 180718b1996 xxu||||| |||| 00| 0 eng d
082 _aAPPPA 95-96 PAV
100 _aPavadia, Jagjit
245 _aForfeiture of property under the narcotic drugs and psychotropic substances act 1985 (as amended in 1989): a review
_cby Jagjit Pavadia
260 _aNew Delhi
_bIndian Institute of Public Administration
_c1996
300 _a88p.
650 _aPsychotropic durgs - Law and legislation - India
650 _aNarcotic, Control of - India
650 _aNarcotic law - India
999 _c481481
_d481481